LIBRARY & INFORMATION CENTRE, KCAET, TAVANUR

ONLINE PUBLIC ACCESS CATALOGUE (OPAC)

A first look at graph theory (Record no. 17448)

MARC details
000 -LEADER
fixed length control field 00365nam a22001457a 4500
003 - CONTROL NUMBER IDENTIFIER
control field OSt
008 - FIXED-LENGTH DATA ELEMENTS--GENERAL INFORMATION
fixed length control field 211008b ||||| |||| 00| 0 eng d
020 ## - INTERNATIONAL STANDARD BOOK NUMBER
ISBN 8170234638
082 ## - DEWEY DECIMAL CLASSIFICATION NUMBER
Classification number 511.5
Item number CLA/GR
100 ## - MAIN ENTRY--AUTHOR NAME
Personal name CLARK, JOHN
100 ## - MAIN ENTRY--AUTHOR NAME
Personal name Holton,Derek , Allan
245 ## - TITLE STATEMENT
Title A first look at graph theory
260 ## - PUBLICATION, DISTRIBUTION, ETC. (IMPRINT)
Name of publisher Allied pubishers ltd
Year of publication 1995
942 ## - ADDED ENTRY ELEMENTS (KOHA)
Koha item type Books
Holdings
Withdrawn status Lost status Damaged status Home library Current library Date acquired Full call number Accession Number Koha item type
Withdrawn     KAUAET KAUAET 08/10/2021 511.5 CLA/GR 20178 Books
free website counter